| 000 | 00654nam a22001937a 4500 | ||
|---|---|---|---|
| 003 | 0 | ||
| 005 | 20241003092207.0 | ||
| 008 | 241003b xxu||||| |||| 00| 0 eng d | ||
| 020 | _a9780800734695 | ||
| 050 |
_aHQ 755.8 _b.L446 2021 |
||
| 100 |
_aLeman, Kevin, _eauthor. |
||
| 245 |
_a8 secrets to raising successful kids : _bnurturing character, respect, and a winning attitude / _cDr. Kevin Leman. |
||
| 260 |
_aGrand Rapids, Michigan : _bRevell, a division of Baker Publishing Group, _c2021. |
||
| 300 |
_a249 p. ; _c23 cm. |
||
| 504 | _aIncludes bibliographical references. | ||
| 650 | _aParenting. | ||
| 650 | _aParent and child. | ||
| 942 |
_2lcc _cBK |
||
| 999 |
_c366443 _d366443 |
||